| 000 | 00826nam a2200205Ii 4500 | ||
|---|---|---|---|
| 003 | JO-AjNU | ||
| 008 | 230605s9999||||xx |||||||||||||| ||und|| | ||
| 040 |
_aJO-AjNU _bara _erda _cJO-AjNU |
||
| 041 | _aara | ||
| 050 | 1 | 4 | _aJQ1825.J6.A5336.1986 |
| 100 | 3 |
_a ياغي، محمد عبد الفتاح , _eauthor _945238 |
|
| 245 | 0 | 0 | _aتقييم الموظف العام للحوافز في الاجهزة الحكومية الاردنية: دراسة ميدانية مقارنة |
| 250 | _a(د،ط) | ||
| 264 | 3 | 1 | _aعمان : المنظمة العربية للعلوم الادارية ، 1986 |
| 300 | _a131ص | ||
| 336 |
_atext _btxt _2rdacontent |
||
| 337 |
_aunmediated _bn _2rdamedia |
||
| 338 |
_avolume _bnc _2rdacarrier |
||
| 650 | 4 |
_aإدارة أفراد -- الأردن -- الأحوال السياسية _945239 |
|
| 999 |
_aA19594 _c23162 _d23162 |
||